000 00551ntaaa2200205 4500
003 01
005 20251027200809.0
008 0714s1973 ag 01
040 _aAR-BaBN
_bspa
_cAR-BaBN
_eaacr
_dRIC
082 _a789.53 Sch6
100 _aSchoch, Rudolf
_94300
245 _aMinués de antaño, para flauta dulce soprano /
_cRudolf Schoch
250 _a1 ed.
260 _aBuenos Aires :
_bRicordi,
_c1980
300 _a15 p ;
_cpartituras
500 _aNº de Plancha Ba 12232
650 _aMusica
650 _aMUsica-Flauta dulce
942 _cBK
999 _c2149
_d2149